Printemps blanc- Niro- Paroles - Statistiques

Statistiques générales
  • Ce quiz a été pris 173 fois
  • Le résultat moyen est 250 sur 417
Statistiques - réponses
Paroles % Correct
de
96%
moi,
91%
moi
91%
moi ?
91%
te
90%
à
89%
A
89%
Le
88%
le
88%
Un
87%
un
87%
blanc
86%
blanc,
86%
printemps
86%
Printemps
86%
printemps,
86%
toi,
83%
toi
83%
ce
81%
du
81%
peu
81%
peu,
81%
une
80%
tes
79%
T'es
79%
t'es
79%
Souvenir
78%
ta
78%
Ta
78%
je
77%
moment,
77%
moment
77%
d'un
76%
amour
75%
74%
temps
74%
ton
74%
Ton
74%
instant
73%
se
73%
tu
73%
Tu
73%
cœur
72%
coeur
72%
fois
72%
fois,
72%
dernière
71%
inexistant
71%
J'suis
71%
j'suis
71%
plus
71%
dans
70%
Dans
70%
mon
70%
Mon
70%
sur
70%
Ombre
68%
cauchemar
67%
main
66%
ne
66%
rêves
66%
beaux
65%
ces
65%
si
63%
en
60%
est
60%
et
60%
comme
58%
des
58%
sniffé,
58%
au
57%
les
57%
nez
57%
sa
57%
vie
57%
que
56%
suis
56%
qui
55%
Qui
55%
tout
55%
Tout
55%
fil
53%
hippie
53%
piquée,
53%
tard
53%
minuit
51%
Trop
51%
couilles
50%
kiffé
50%
m'attends
50%
moments
50%
pile
50%
Poses
50%
Ses
50%
Tiens,
50%
voir
50%
hanches,
49%
bébé,
48%
empiffré,
48%
oreille
48%
téléphone
48%
vers
48%
veux
48%
Enfance
47%
t'aurai
47%
blanche
46%
bout
46%
coups
46%
l'as
46%
confiance
45%
difficile,
45%
frais
45%
mains
44%
j'chuchote
43%
manques
43%
pas
43%
t'auras
43%
Chacun
42%
d'amour,
42%
héros
42%
j'en
42%
j'passe
42%
j'te
42%
quoi
42%
sommeil,
42%
t'oublieras
42%
bien
41%
c'est
41%
dalle,
41%
film
41%
depuis
40%
Il
40%
longtemps
40%
cet
39%
faiblesses
39%
seul
39%
sniffes
39%
yeux
39%
J'entends
38%
J'gâche
38%
personne
38%
accro
37%
Impatiente,
37%
part
37%
quel
37%
domaines
36%
point
36%
sans
36%
s'est
36%
signe
36%
vivre
36%
voix...
36%
claquée
35%
devant
35%
dire
35%
haute
35%
lois,
35%
qu'à
35%
vu
35%
coloré
34%
dure
34%
fend
34%
honoré
34%
m'aimes
34%
oseille
34%
connaître
33%
leur
33%
mais
33%
naze,
33%
pour
33%
relèveras
33%
reprends-toi
33%
vérifies
33%
avis
32%
ciel
32%
Donc
32%
nies
32%
être
31%
prêt
31%
souris
31%
transpires,
31%
tuer
31%
vent ?
31%
vite
31%
Au-dessus
30%
c'foutu
30%
Demain
30%
Entends-tu
30%
eux,
30%
noblesse,
30%
soir,
30%
t'as
30%
abuses
29%
branche,
28%
j'ai
28%
j'reviendrai
28%
J'reviendrai
28%
J'sais
28%
laisses
28%
pire
28%
vomis
27%
l'seul
26%
tant
26%
t'faire
26%
m'évites,
25%
signes
25%
était
24%
t'livrer
24%
d'tes
23%
ouais
23%
effet-là,
22%
ivre,
22%
J'serais
22%
n'était
22%
Respires
22%
speed,
22%
m'vois
21%
qu'ton
20%
Cribles-moi
18%
l'monde
18%
Aucun quiz correspondant
Distribution des résultats
% des personnes avec chaque résultat
Percentile par nombre de réponses
Votre historique - résultats
Vous n’avez pas pris ce quiz